Secondi posti Festival di Sanremo - Statistics

Statistiche generali
  • Questo quiz è stato fatto 148 volte
    93 dall'ultimo reset
  • Il punteggio medio è 40 su 73
Statistiche sulle risposte
Anno Secondo posto Canzone al secondo posto % Corretto
1996 Elio e le Storie Tese La terra dei cachi
85%
2013 Elio e le Storie Tese La canzone mononota
85%
2025 Lucio Corsi Volevo essere un duro
85%
2007 Al Bano Nel perdono
83%
1982 Al Bano e Romina Power Felicità
83%
2024 Geolier I p' me, tu p' te
83%
2023 Lazza Cenere
83%
2001 Giorgia Di sole e d'azzurro
80%
1961 Adriano Celentano e Little Tony 24 mila baci
79%
2011 Modà ed Emma Arriverà
79%
2021 Francesca Michielin e Fedez Chiamami per nome
77%
2012 Arisa La notte
76%
2022 Elisa O forse sei tu
76%
2017 Fiorella Mannoia Che sia benedetta
76%
2020 Francesco Gabbani Viceversa
75%
1952 Nilla Pizzi Nilla Papaveri e papere
75%
1953 Nilla Pizzi e Teddy Reno Campanaro
75%
1981 Loretta Goggi Maledetta primavera
73%
1992 Mia Martini Gli uomini non cambiano
73%
2015 Nek Fatti avanti amore
73%
1951 Nilla Pizzi e Achille Togliani La luna si veste d'argento
73%
1958 Nilla Pizzi e Tonina Torrielli L'edera
73%
2019 Ultimo I tuoi particolari
73%
1970 Nicola Di Bari e Ricchi e Poveri La prima cosa bella
72%
2009 Povia Luca era gay
71%
2016 Francesca Michielin Nessun grado di separazione
69%
1966 Caterina Caselli e Gene Pitney Nessuno mi può giudicare
68%
1971 Ricchi e Poveri e José Feliciano Che sarà
68%
2018 Lo Stato Sociale Una vita in vacanza
65%
2010 Pupo, Emanuele Filiberto di Savoia e Luca Canonici Italia amore mio
64%
1978 Anna Oxa Un'emozione da poco
63%
1997 Anna Oxa Storie
63%
2005 Toto Cutugno e Annalisa Minetti Come noi nessuno al mondo
63%
1960 Domenico Modugno e Teddy Reno Libero
61%
1984 Toto Cutugno Serenata
61%
1987 Toto Cutugno Figli
61%
1988 Toto Cutugno Emozioni
61%
1989 Toto Cutugno Le mamme
61%
1990 Toto Cutugno Gli amori
61%
2003 Alex Britti 7000 caffè
60%
1995 Gianni Morandi e Barbara Cola In amore
60%
1974 Domenico Modugno Questa è la mia vita
59%
1986 Renzo Arbore Il clarinetto
53%
2002 Alexia Dimmi come...
47%
1957 Claudio Villa e Giorgio Consolini Usignolo
47%
1994 Giorgio Faletti Signor tenente
47%
1985 Luis Miguel Noi ragazzi di oggi
47%
1963 Claudio Villa e Eugenia Foligatti Amor mon amour my love
45%
1955 Claudio Villa e Tullio Pane Il torrente
45%
2000 Irene Grandi La tua ragazza sempre
44%
2006 Nomadi Dove si va
41%
1991 Renato Zero Spalle al muro
41%
2008 Anna Tatangelo Il mio amico
39%
1954 Katyna Ranieri e Achille Togliani Canzone da due soldi
37%
1993 Cristiano De André Dietro la porta
35%
1969 Sergio Endrigo e Mary Hopkin Lontano dagli occhi
33%
1983 Donatella Milani Volevo dirti
32%
1968 Ornella Vanoni e Marisa Sannia Casa bianca
32%
1998 Antonella Ruggiero Amore lontanissimo
31%
1999 Antonella Ruggiero Mariella Nava
31%
1962 Sergio Bruni e Milva Tango italiano
29%
2014 Raphael Gualazzi e The Bloody Beetroots Liberi o no
27%
1975 Angela Luce Ipocrisia
20%
1977 Collage Tu mi rubi l'anima
20%
1976 Wess e Dori Ghezzi Come stai, con chi sei
20%
1959 Arturo Testa e Gino Latilla Io sono il vento
19%
1979 Enzo Carella Barbara
19%
1956 Tonina Torrielli Amami se vuoi
19%
1980 Enzo Malepasso Ti voglio bene
16%
2004 Mario Rosini Sei la vita mia
16%
1972 Peppino Gagliardi Come le viole
16%
1973 Peppino Gagliardi Come un ragazzino
16%
1967 Annarita Spinaci e Les Surfs Quando dico che ti amo
15%
Nessun quiz corrispondente trovato
Distribuzione punteggi
Percentuale di utenti per punteggio
Percentile per numero di risposta
I tuoi punteggi nel tempo
Non hai fatto questo quiz dall'ultimo reset